| 000 | 00938nam a2200241 a 4500 | ||
|---|---|---|---|
| 001 | 70925 | ||
| 003 | BD-RjUL | ||
| 005 | 20211209082044.0 | ||
| 008 | 170422s1992 bg a|||| |||| 000 0 ben d | ||
| 020 |
_a9840726072 _c: Tk.100.00 |
||
| 035 | _a(BD-RjUL)71139 | ||
| 040 |
_aBD-RjUL _bben _cBD-RjUL _dBD-RjUL |
||
| 041 | _aben | ||
| 082 |
_223 _a639.31 _bALB 1992 |
||
| 100 | 1 |
_aআলী, শাহাদত _9209891 |
|
| 245 | 1 | 0 |
_aবাংলাদেশের মিঠাপানির অমেরুদণ্ডী প্রাণী / _cশাহাদত আলী |
| 260 |
_aঢাকা : _bবাংলা একাডেমী, _c১৯৯২ [১৩৯৯] |
||
| 300 |
_a২০৭ পৃ. : _bচিত্র. ; _c২৫ সেমি. |
||
| 504 | _aগ্রন্থপঞ্জি সংযুক্ত | ||
| 650 |
_aমিঠাপানির মাছ _9210209 |
||
| 650 |
_aFresh water fish _9210210 |
||
| 942 |
_2ddc _cBK |
||
| 999 |
_c70925 _d70925 |
||